|
|
|
|
| LEADER |
00000nam a2200000 a 4500 |
| 001 |
vtls001454923 |
| 003 |
SK-MaSNL |
| 005 |
20260301104029.0 |
| 008 |
240226s2003 xo a g 000 yyslo |
| 015 |
|
|
|a SNBA2003/11-04364
|
| 020 |
|
|
|a 8080430535
|
| 035 |
|
|
|a SNK000410230
|
| 035 |
|
|
|a urn:nbn:sk:snk-amyf1t
|
| 035 |
|
|
|a urn:nbn:sk:snk-am00cf1p
|
| 035 |
|
|
|a B7D866EE-EA0A-46B0-9E20-D92D372DE36F
|
| 040 |
|
|
|a SNK
|b slo
|c SNK
|e AACR2
|
| 041 |
0 |
|
|a slo
|
| 043 |
|
|
|a e-xo---
|
| 044 |
|
|
|a xo
|c SK
|
| 072 |
|
7 |
|a 336.7
|2 konspekt
|
| 080 |
|
|
|a 336.71
|2 2. slo
|
| 080 |
|
|
|a 336.71
|2 1981
|
| 080 |
|
|
|a (437.6)
|2 1981
|
| 080 |
|
|
|a (048.8)
|2 1981
|
| 110 |
2 |
|
|a Národná banka Slovenska
|4 aut
|9 14536
|
| 245 |
1 |
|
|a Národná banka Slovenska 1993-2002
|b legislatíva, menová politika, bankový dohľad, emisná činnosť, platobný systém, medzinárodné vzťahy, ekonomika
|
| 250 |
|
|
|a [1. vyd.]
|
| 260 |
|
|
|a Bratislava
|b Národná banka Slovenska
|c 2003
|
| 300 |
|
|
|a 65 s.
|b fotogr., grafy, tab.
|c 30 cm
|
| 610 |
0 |
7 |
|a Národná banka Slovenska
|2 SNK
|9 14536
|
| 610 |
2 |
7 |
|a Národná banka Slovenska
|2 SNK
|9 14536
|
| 650 |
0 |
7 |
|a banky
|z Slovensko
|2 SNK
|9 394180
|
| 655 |
|
7 |
|a prehľady
|2 SNK
|9 70194
|
| 919 |
|
|
|a 80-8043-053-5
|
| 968 |
|
|
|d 33
|
| 999 |
|
|
|c 697019
|d 698949
|
| 952 |
|
|
|t P60, <03>, [BOOK], {603}
|a SNK
|b SNK
|y PREZ
|7 0
|p 17A0385838
|o snkSB 66800
|i snkKSP 7115/2003
|0 0
|1 0
|4 0
|d 2003-06-10
|f 1
|l 0
|r 2025-04-23 00:00:00
|w 2026-02-23
|
| 952 |
|
|
|t P60, <04>, [BOOK], {604}
|a SNK
|b SNK
|y VYP
|7 0
|p 17A0392868
|o snkSB 66800 D1
|i snkKSP 9670/2003
|0 0
|1 0
|4 0
|d 2003-08-04
|l 0
|r 2005-01-02 00:00:00
|w 2026-02-23
|